000 00504nam a2200181Ia 4500
005 20250507130225.0
008 008 250505s9999 xx 000 0 eng d
037 _aSeries Article
040 _aEASL
_beng
_cEASL
041 _aeng
_2eng
084 _qEASL
245 0 _aGift and its froms of life in contemporary India
260 _aUK
_bCambridge Cambridge University Press UK
_c2011
300 _a1051-1094
650 _aAsian Studies
942 _cSRA
999 _c1318411
_d1318411